Approved document F (Record no. 105401)

MARC details
000 -LEADER
fixed length control field 00956cam a2200241 4500
001 - CONTROL NUMBER
control field ##L133455
008 - FIXED-LENGTH DATA ELEMENTS--GENERAL INFORMATION
fixed length control field 060509n2006 000 0 eng u
020 ## - INTERNATIONAL STANDARD BOOK NUMBER
International Standard Book Number 1859462057
-- 9781859462058
035 ## - SYSTEM CONTROL NUMBER
System control number (Sirsi) u133455
041 0# - LANGUAGE CODE
Language code of text/sound track or separate title eng
050 04 - LIBRARY OF CONGRESS CALL NUMBER
Classification number 692.2 $2 18
110 1# - MAIN ENTRY--CORPORATE NAME
Corporate name or jurisdiction name as entry element United Kingdom
Subordinate unit Office of the Deputy Prime Minister
245 00 - TITLE STATEMENT
Title Approved document F
Remainder of title ventilation
250 ## - EDITION STATEMENT
Edition statement 2006 edition
260 ## - PUBLICATION, DISTRIBUTION, ETC.
Place of publication, distribution, etc. London
Name of publisher, distributor, etc. Office of the Deputy Prime Minister
Date of publication, distribution, etc. 2006
350 ## - PRICE (NR) (BK AM CF MU VM SE) [OBSOLETE]
Price 15 00
520 ## - SUMMARY, ETC.
Summary, etc. Taking effect on 6 April 2006, this approved document deals with the requirement of part F of schedule 1 to the Building Regulations 2000.
590 ## - LOCAL NOTE (RLIN)
Local note KA
650 24 - SUBJECT ADDED ENTRY--TOPICAL TERM
Topical term or geographic name entry element BUILDING REGULATIONS 2000 APPROVED DOCUMENT F (2006 EDITION)
690 ## - LOCAL SUBJECT ADDED ENTRY--TOPICAL TERM (OCLC, RLIN)
Topical term or geographic name as entry element Building regulations
9 (RLIN) 6224
856 41 - ELECTRONIC LOCATION AND ACCESS
Uniform Resource Identifier <a href="https://www.planningportal.gov.uk/england/professionals/en/4000000000339.html">https://www.planningportal.gov.uk/england/professionals/en/4000000000339.html</a>
Public note View the item free of charge at www.planningportal.gov.uk...
942 ## - ADDED ENTRY ELEMENTS (KOHA)
Suppress in OPAC 0
Holdings
Withdrawn status Lost status Source of classification or shelving scheme Damaged status Not for loan Home library Current library Shelving location Date acquired Total Checkouts Full call number Barcode Date last seen Copy number Price effective from Koha item type
    Dewey Decimal Classification     Virtual Virtual Online 09/05/2006   ONLINE PUBLICATION 133455-1001 06/08/2019 1 06/08/2019 Book